The Dresden Files series - Statistics

General Stats
  • This quiz has been taken 54 times
    48 since last reset
  • The average score is 13 of 18
Answer Stats
# Year Answer % Correct
2 2001 Fool Moon
93%
1 2000 Storm Front
90%
12 2011 Changes
87%
7 2006 Dead Beat
87%
short stories 2018 Brief Cases
80%
13 2012 Ghost Story
80%
4 2002 Summer Knight
80%
16 forthcoming Peace Talks
77%
14 2013 Cold Days
73%
3 2001 Grave Peril
73%
15 2015 Skin Game
70%
9 2008 White Night
67%
6 2004 Blood Rites
63%
5 2003 Death Masks
63%
10 2009 Small Favor
63%
11 2010 Turn Coat
63%
short stories 2010 Side Jobs
60%
8 2007 Proven Guilty
53%
No matching quizzes found
Score Distribution
Percent of People with Each Score
Percentile by Number Answered
Your Score History
You have not taken this quiz since the last reset